[Event "1. OEsterreichische Internet Schach Meisterschaft - Vorrunde 2"]
[Site "Online - Playchess.com"]
[Date ""]
[Round "6"]
[Board "43"]
[White "Riegler, Moritz"]
[Black "Fuchs, Georg"]
[Result "0-1"]
[WhiteElo "1705"]
[BlackElo "2234"]
[PlyCount "102"]
[EventDate "2020.04.13"]
[EventRounds "9"]
[EventCountry "AUT"]

1. d4 Nf6 2. Nf3 e6 3. c4 Bb4+ 4. Nc3 Ne4 5. Bd2 Bxc3 6. bxc3 d5 7. cxd5 exd5 8.
e3 O-O 9. Bd3 Bg4 10. Be2 Nd7 11. O-O Nb6 12. Bc1 Nxc3 13. Qe1 Nxe2+ 14. Qxe2 Qf6
15. Ba3 Rfe8 16. Rac1 Nc4 17. Bb4 a5 18. Bc3 b5 19. h3 Bxf3 20. Qxf3 Qxf3 21. gxf3
b4 22. Be1 Reb8 23. e4 c6 24. e5 a4 25. Rb1 b3 26. axb3 axb3 27. Bc3 Ra2 28. f4 b2
29. f5 h6 30. f4 Na3 31. e6 Nxb1 32. Rxb1 Ra1 33. Rxa1 bxa1=Q+ 34. Bxa1 Rb1+ 35.
Kf2 Rxa1 36. e7 Ra8 37. Ke3 f6 38. Kd3 Kf7 39. Kc3 Kxe7 40. Kb4 Kd6 41. Kc3 c5 42.
dxc5+ Kxc5 43. Kd3 Ra3+ 44. Kc2 Kd4 45. Kd2 Ra2+ 46. Ke1 Kd3 47. Kf1 Ke3 48. Kg1
Kf3 49. h4 h5 50. Kh1 Kg3 51. Kg1 Ra1#  0-1

[Event "1. OEsterreichische Internet Schach Meisterschaft - Vorrunde 2"]
[Site "Online - Playchess.com"]
[Date ""]
[Round "6"]
[Board "44"]
[White "Thummer, Philipp"]
[Black "Wischounig, Laurin"]
[Result "0-1"]
[WhiteElo "1207"]
[BlackElo "1878"]
[PlyCount "140"]
[EventDate "2020.04.13"]
[EventRounds "9"]
[EventCountry "AUT"]

1. e4 c6 2. Nf3 d5 3. exd5 cxd5 4. d4 Nc6 5. c4 Nf6 6. Nc3 Be6 7. c5 g6 8. Bf4 Bg7
9. Ne5 Nxe5 10. Bxe5 O-O 11. h3 Ne4 12. Bxg7 Nxc3 13. bxc3 Kxg7 14. Bd3 Qa5 15. Qc2
b6 16. cxb6 Qxb6 17. O-O Rfc8 18. Rab1 Qc7 19. Rb3 Bd7 20. Ra3 a5 21. Rb1 Qd6 22.
Qb2 h5 23. Bc2 Rc7 24. Rb3 Rac8 25. Rc1 Qf4 26. g3 Qg5 27. h4 Qg4 28. Bd1 Qe4 29.
Qe2 Ba4 30. Ra3 Bxd1 31. Qxd1 f5 32. Qd2 Qf3 33. Qe3 Qxe3 34. fxe3 Ra7 35. Kf2 a4
36. Ke2 Rc4 37. Kd3 Kf6 38. Rb1 Ra6 39. Rb4 Rxb4 40. cxb4 Ke6 41. Kc3 Kd6 42. b5
Ra8 43. Kb4 e5 44. Rxa4 Rc8 45. Ra6+ Ke7 46. Rxg6 exd4 47. exd4 Rc4+ 48. Ka5 Rxd4
49. b6 Rd2 50. a4 Rb2 51. Ka6 d4 52. Rc6 d3 53. Rc1 Kd6 54. b7 d2 55. Rd1 Kc6 56.
b8=Q Rxb8 57. Ka7 Rb2 58. a5 Kb5 59. a6 Kc6 60. Ka8 Kc7 61. a7 Kd6 62. Rf1 Ke5 63.
Rd1 Ke4 64. Rxd2 Rxd2 65. Kb7 Ra2 66. Kc6 Rxa7 67. Kd6 Ra6+ 68. Ke7 Kf3 69. Kf7 Kxg3
70. Kg7 f4  0-1

[Event "1. OEsterreichische Internet Schach Meisterschaft - Vorrunde 2"]
[Site "Online - Playchess.com"]
[Date ""]
[Round "6"]
[Board "45"]
[White "Pernerstorfer, Max"]
[Black "Schnider, Gert"]
[Result "0-1"]
[WhiteElo "2066"]
[BlackElo "2423"]
[PlyCount "64"]
[EventDate "2020.04.13"]
[EventRounds "9"]
[EventCountry "AUT"]

1. e4 e5 2. Nf3 Nc6 3. Bc4 Bc5 4. O-O Nf6 5. d3 d6 6. c3 a6 7. Nbd2 Ba7 8. Bb3 O-O
9. h3 Be6 10. Re1 Qd7 11. Nf1 h6 12. Nh4 Ne7 13. Ng3 Bxh3 14. gxh3 Qxh3 15. Qf3 Qxh4
16. Kg2 Ng6 17. Nf5 Qg4+ 18. Qxg4 Nxg4 19. f3 Nf6 20. Rh1 Rfe8 21. Bd2 Nh7 22. Rh2
Nf4+ 23. Bxf4 exf4 24. Rah1 Ng5 25. Rh5 a5 26. R5h4 Be3 27. Rg4 a4 28. Bc4 b5 29.
Bxb5 Reb8 30. Bc6 Rxb2+ 31. Kf1 Rab8 32. Rxg5 Rf2+  0-1

[Event "1. OEsterreichische Internet Schach Meisterschaft - Vorrunde 2"]
[Site "Online - Playchess.com"]
[Date ""]
[Round "6"]
[Board "46"]
[White "Auinger, Marcel"]
[Black "Bachler, Reinhard"]
[Result "0-1"]
[WhiteElo "1808"]
[BlackElo "2143"]
[PlyCount "66"]
[EventDate "2020.04.13"]
[EventRounds "9"]
[EventCountry "AUT"]

1. e4 c5 2. Nf3 d6 3. c3 g6 4. d4 Nd7 5. Be3 Bg7 6. Bd3 Ngf6 7. Nbd2 O-O 8. O-O Ng4
9. Qe2 Nxe3 10. Qxe3 b6 11. Rad1 e5 12. d5 a6 13. c4 Qe7 14. Be2 f5 15. Ne1 f4 16.
Qc3 Nf6 17. Nb3 g5 18. Nd3 h5 19. f3 g4 20. Nf2 Rf7 21. Rfe1 Bh6 22. Nd2 Rg7 23.
Kh1 Bd7 24. Qb3 Rb8 25. Qc3 Kh7 26. b3 Rbg8 27. Nf1 Bg5 28. h3 Bh4 29. Nd3 Bxe1 30.
Qxe1 gxh3 31. g4 fxg3 32. f4 g2+ 33. Kh2 g1=Q#  0-1

[Event "1. OEsterreichische Internet Schach Meisterschaft - Vorrunde 2"]
[Site "Online - Playchess.com"]
[Date ""]
[Round "6"]
[Board "47"]
[White "Hatzl, Johannes"]
[Black "Huber, Guenther"]
[Result "1-0"]
[WhiteElo "2131"]
[BlackElo "1979"]
[PlyCount "83"]
[EventDate "2020.04.13"]
[EventRounds "9"]
[EventCountry "AUT"]

1. d4 e6 2. Bf4 b6 3. e4 Bb7 4. Nc3 Bb4 5. f3 Nh6 6. Qd2 Nc6 7. a3 Bxc3 8. bxc3 O-O
9. Bxh6 Qh4+ 10. g3 Qxh6 11. Qxh6 gxh6 12. Bd3 Kg7 13. Ne2 f5 14. O-O fxe4 15. fxe4
Ne7 16. Nf4 Rae8 17. c4 e5 18. dxe5 Nc6 19. Nd5 Nxe5 20. Nxc7 Nf3+ 21. Kg2 Ng5 22.
Nxe8+ Rxe8 23. Rae1 Ne6 24. Kg1 Nd4 25. Rf4 Re7 26. h4 Ne6 27. Rf2 Nd4 28. Kh2 a6
29. Ref1 b5 30. cxb5 axb5 31. Re1 d5 32. e5 Nc6 33. Rfe2 Nd4 34. Re3 Bc8 35. Rf1
Bg4 36. Rf4 Rxe5 37. Rxe5 Nf3+ 38. Rxf3 Bxf3 39. Re7+ Kf6 40. Rxh7 Ke5 41. Rxh6 Kd4
42. Kg1  1-0

[Event "1. OEsterreichische Internet Schach Meisterschaft - Vorrunde 2"]
[Site "Online - Playchess.com"]
[Date ""]
[Round "6"]
[Board "48"]
[White "Mayrhuber, Nikola"]
[Black "Mira, Helene"]
[Result "0-1"]
[WhiteElo "2025"]
[BlackElo "2082"]
[PlyCount "78"]
[EventDate "2020.04.13"]
[EventRounds "9"]
[EventCountry "AUT"]

1. d4 d6 2. Nf3 Nf6 3. g3 c6 4. Bg2 Bg4 5. O-O Nbd7 6. c4 e6 7. Nc3 d5 8. Bg5 Be7
9. h3 Bxf3 10. Bxf3 dxc4 11. e3 Qc7 12. a4 Nd5 13. Bxe7 Nxc3 14. bxc3 Kxe7 15. a5
e5 16. Qa4 Rhe8 17. Qxc4 Kf8 18. e4 b5 19. Qb4+ Kg8 20. d5 a6 21. d6 Qc8 22. Rfd1
c5 23. Qb3 c4 24. Qc2 Qc6 25. Rd5 Re6 26. Rad1 Rd8 27. Bg4 Rf6 28. Qd2 h6 29. f4
exf4 30. gxf4 Nc5 31. e5 Rg6 32. Kh2 Ne4 33. Qe3 f5 34. exf6 Nxf6 35. Rc5 Nxg4+ 36.
hxg4 Qd7 37. f5 Rxd6 38. Rxd6 Qxd6+ 39. Qg3 Qxc5  0-1

[Event "1. OEsterreichische Internet Schach Meisterschaft - Vorrunde 2"]
[Site "Online - Playchess.com"]
[Date ""]
[Round "6"]
[Board "49"]
[White "Simon, Christopher"]
[Black "Kapferer, Romed"]
[Result "1-0"]
[WhiteElo "1824"]
[BlackElo "2081"]
[PlyCount "109"]
[EventDate "2020.04.13"]
[EventRounds "9"]
[EventCountry "AUT"]

1. d4 f5 2. c4 Nf6 3. Nc3 e6 4. e3 d6 5. Nf3 Be7 6. Be2 O-O 7. O-O a5 8. a3 Nc6 9.
Bd2 Bd7 10. h3 e5 11. dxe5 Nxe5 12. Nxe5 dxe5 13. Qc2 Be6 14. Rad1 c6 15. Bc1 Qc7
16. b3 g6 17. Bb2 Rfd8 18. Na4 b6 19. c5 b5 20. Nb6 Rab8 21. b4 a4 22. Rxd8+ Rxd8
23. Rd1 Nd5 24. g3 Kf7 25. e4 Nxb6 26. cxb6 Qxb6 27. Rxd8 Bxd8 28. Bxe5 Bf6 29. Bxf6
Kxf6 30. Qc3+ Kf7 31. Qh8 fxe4 32. Qxh7+ Kf6 33. Qh4+ Kf7 34. Qxe4 Bxh3 35. Qf4+
Kg7 36. Qe5+ Kf7 37. Qd6 Be6 38. Bd3 Qb7 39. Bxg6+ Kxg6 40. Qxe6+ Kg7 41. f4 Qb6+
42. Kg2 Qd8 43. Qe5+ Kf7 44. Kf3 Qd1+ 45. Kf2 Qc2+ 46. Qe2 Qc3 47. Qe3 Qc2+ 48. Kf3
Qd1+ 49. Ke4 Qc2+ 50. Ke5 Qc4 51. Kf5 Qb3 52. Qe5 Qxa3 53. Qc7+ Kf8 54. Kg6 Qxb4
55. Qf7#  1-0

[Event "1. OEsterreichische Internet Schach Meisterschaft - Vorrunde 2"]
[Site "Online - Playchess.com"]
[Date ""]
[Round "6"]
[Board "50"]
[White "Birklbauer, Toni"]
[Black "Wurzer, Gerhard"]
[Result "1-0"]
[WhiteElo "2047"]
[BlackElo "1889"]
[PlyCount "109"]
[EventDate "2020.04.13"]
[EventRounds "9"]
[EventCountry "AUT"]

1. d4 c6 2. Nf3 Qc7 3. e4 d6 4. Bd3 e5 5. O-O Nf6 6. c3 Be7 7. Re1 Nbd7 8. h3 Nf8
9. Nbd2 Ng6 10. Nc4 O-O 11. dxe5 dxe5 12. Ne3 b6 13. Nf5 Bb7 14. Bg5 Rad8 15. Qc2
h6 16. Nxe7+ Qxe7 17. Be3 Bc8 18. Rad1 Nh5 19. Bc4 Nhf4 20. Rxd8 Rxd8 21. Rd1 Rxd1+
22. Qxd1 Qd7 23. Qxd7 Bxd7 24. h4 Kf8 25. g3 Nh5 26. Kg2 Ke7 27. Ne1 Be6 28. Be2
Nf6 29. h5 Nf8 30. Nd3 N8d7 31. Nb4 Nb8 32. Bf3 Bg4 33. Bxg4 Nxg4 34. Bd2 Nf6 35.
f4 Nxh5 36. fxe5 Ke6 37. g4 Kxe5 38. gxh5 Kxe4 39. Kf2 c5 40. Nc2 Kd3 41. Bf4 Kxc2
42. Bxb8 Kxb2 43. Be5 Kxa2 44. Bxg7 Kb3 45. Bxh6 a5 46. Bc1 a4 47. h6 Kc2 48. Ba3
Kb3 49. h7 Kxa3 50. h8=Q Kb2 51. c4+ Kb3 52. Qa1 Kxc4 53. Qxa4+ Kd5 54. Qb3+ Kc6
55. Qxf7  1-0

[Event "1. OEsterreichische Internet Schach Meisterschaft - Vorrunde 2"]
[Site "Online - Playchess.com"]
[Date ""]
[Round "6"]
[Board "51"]
[White "Lerch, Johannes"]
[Black "Stolzlechner, Thomas"]
[Result "1/2-1/2"]
[WhiteElo "2005"]
[BlackElo "2037"]
[PlyCount "128"]
[EventDate "2020.04.13"]
[EventRounds "9"]
[EventCountry "AUT"]

1. e4 e5 2. Nf3 Nc6 3. Bc4 Nf6 4. d3 Be7 5. O-O O-O 6. Re1 d6 7. h3 Na5 8. Nbd2 Nxc4
9. Nxc4 b5 10. Ne3 c6 11. c3 h6 12. Nf1 Re8 13. Be3 Qc7 14. Ng3 Bf8 15. Qd2 d5 16.
exd5 cxd5 17. Nxe5 Qxe5 18. Bf4 Ne4 19. dxe4 Qf6 20. exd5 Bb7 21. Rad1 Rxe1+ 22.
Rxe1 Rd8 23. Be5 Qb6 24. Bd4 Qd6 25. Qe2 Qxd5 26. f3 a6 27. Ne4 Qxa2 28. Nc5 Qd5
29. Nxb7 Qxb7 30. Qe5 Qd5 31. Qxd5 Rxd5 32. Ra1 b4 33. Rxa6 bxc3 34. bxc3 Kh7 35.
Kf2 f6 36. Ra8 Bc5 37. Ke3 Bxd4+ 38. cxd4 Rd7 39. Ra3 Kg6 40. Rd3 h5 41. g4 hxg4
42. hxg4 f5 43. Kf4 fxg4 44. Kxg4 Rd5 45. f4 Kf6 46. Rd1 g5 47. fxg5+ Rxg5+ 48. Kf4
Rd5 49. Ke4 Ke6 50. Rh1 Rg5 51. Rh6+ Kd7 52. Kd3 Kc7 53. Kc4 Rf5 54. d5 Rg5 55. Kc5
Rg7 56. Ra6 Kb7 57. Rf6 Rh7 58. Kd6 Kb6 59. Ke6 Kc7 60. d6+ Kc6 61. Ke5 Rh5+ 62.
Ke6 Rh7 63. Ke5 Rh5+ 64. Ke6 Rh7  1/2-1/2

[Event "1. OEsterreichische Internet Schach Meisterschaft - Vorrunde 2"]
[Site "Online - Playchess.com"]
[Date ""]
[Round "6"]
[Board "52"]
[White "Rosol, Philip"]
[Black "Kreutzmann, Duke"]
[Result "1-0"]
[WhiteElo "1468"]
[BlackElo "2036"]
[PlyCount "51"]
[EventDate "2020.04.13"]
[EventRounds "9"]
[EventCountry "AUT"]

1. e4 e6 2. d4 d5 3. Nd2 c5 4. exd5 Qxd5 5. Ngf3 cxd4 6. Bc4 Qd6 7. O-O Nf6 8. Nb3
Nc6 9. Nbxd4 Nxd4 10. Nxd4 a6 11. Re1 Qc7 12. Bf1 Bd6 13. Nf5 Bxh2+ 14. Kh1 O-O 15.
Nxg7 Kxg7 16. Qd4 e5 17. Qh4 Bf4 18. Bxf4 exf4 19. Qg5+ Kh8 20. Qxf6+ Kg8 21. Re5
Qxe5 22. Qxe5 f6 23. Qxf4 Kg7 24. Bc4 Bd7 25. Qc7 Rad8 26. Rd1  1-0

[Event "1. OEsterreichische Internet Schach Meisterschaft - Vorrunde 2"]
[Site "Online - Playchess.com"]
[Date ""]
[Round "6"]
[Board "53"]
[White "Griessnig, Thomas"]
[Black "Schwabeneder, Alois"]
[Result "1/2-1/2"]
[WhiteElo "1895"]
[BlackElo "2004"]
[PlyCount "69"]
[EventDate "2020.04.13"]
[EventRounds "9"]
[EventCountry "AUT"]

1. d4 Nf6 2. Nf3 g6 3. e3 Bg7 4. Bd3 d6 5. O-O O-O 6. b3 Nbd7 7. Bb2 c5 8. dxc5 Nxc5
9. Be2 b6 10. c4 Bb7 11. Nbd2 Rc8 12. b4 Nce4 13. Nxe4 Nxe4 14. Bxg7 Kxg7 15. Rc1
d5 16. Qd4+ Kg8 17. c5 bxc5 18. bxc5 Qa5 19. Rc2 e6 20. Rfc1 Ba6 21. Bxa6 Qxa6 22.
h4 h5 23. Ne5 Rc7 24. c6 Rfc8 25. f3 Nd6 26. Nd7 Nc4 27. Nf6+ Kf8 28. Nd7+ Kg8 29.
Nf6+ Kf8 30. Nd7+ Ke8 31. Qh8+ Ke7 32. Qf6+ Ke8 33. Qh8+ Ke7 34. Qf6+ Ke8 35. Qh8+
 1/2-1/2

[Event "1. OEsterreichische Internet Schach Meisterschaft - Vorrunde 2"]
[Site "Online - Playchess.com"]
[Date ""]
[Round "6"]
[Board "54"]
[White "Keim, Philipp"]
[Black "Katter, Marlene"]
[Result "0-1"]
[WhiteElo "1919"]
[BlackElo "1609"]
[PlyCount "98"]
[EventDate "2020.04.13"]
[EventRounds "9"]
[EventCountry "AUT"]

1. Nf3 e6 2. c4 f5 3. Nc3 Nf6 4. d4 d5 5. e3 c6 6. Bd3 Bd6 7. O-O O-O 8. b3 Ne4 9.
Bb2 Nd7 10. Rc1 Ndf6 11. cxd5 exd5 12. Ne5 Nxc3 13. Bxc3 Ne4 14. Bb2 Qg5 15. a3 f4
16. f3 Nf6 17. e4 dxe4 18. fxe4 Ng4 19. Bc4+ Kh8 20. Qf3 Nxe5 21. dxe5 Bxe5 22. h4
Qe7 23. Bxe5 Qxe5 24. g3 Be6 25. gxf4 Qf6 26. e5 Qf5 27. Bd3 Qg4+ 28. Qxg4 Bxg4 29.
f5 Rad8 30. Bb1 Rd5 31. Rf4 Bh5 32. e6 Re5 33. Rcf1 Be2 34. R1f2 Kg8 35. Kg2 Bh5
36. Kg3 h6 37. Bd3 Re3+ 38. R2f3 Bxf3 39. Rxf3 Rxf3+ 40. Kxf3 Re8 41. Ke4 Kf8 42.
Ke5 Ke7 43. Be2 Rf8 44. Bh5 Rd8 45. Bf7 Rd5+ 46. Kf4 Rd3 47. Kg4 Rxb3 48. Kh5 Rg3
49. a4 c5  0-1

[Event "1. OEsterreichische Internet Schach Meisterschaft - Vorrunde 2"]
[Site "Online - Playchess.com"]
[Date ""]
[Round "6"]
[Board "55"]
[White "Friedl, Markus"]
[Black "Rotter, Harald"]
[Result "1-0"]
[WhiteElo "1857"]
[BlackElo "1854"]
[PlyCount "93"]
[EventDate "2020.04.13"]
[EventRounds "9"]
[EventCountry "AUT"]

1. e4 e6 2. d4 d5 3. exd5 exd5 4. Bd3 Bd6 5. Ne2 Ne7 6. O-O Nbc6 7. c3 Bf5 8. Ng3
Bg6 9. Bg5 f6 10. Be3 Qd7 11. Na3 a6 12. Nc2 f5 13. Bg5 h6 14. Bxe7 Nxe7 15. Re1
O-O-O 16. b4 f4 17. Nf1 Bf5 18. a4 g5 19. b5 a5 20. Rb1 b6 21. Na1 Ng6 22. Nb3 Nh4
23. Qc2 Bxd3 24. Qxd3 f3 25. Ng3 Nxg2 26. Rf1 Nf4 27. Qf5 Qxf5 28. Nxf5 Ne2+ 29.
Kh1 Nxc3 30. Ra1 Ne4 31. Rac1 Rdf8 32. Nxd6+ Nxd6 33. Nd2 Rf4 34. Nb3 Nc4 35. Rfe1
Kd7 36. Kg1 Rg4+ 37. Kh1 Rg2 38. Rf1 Nd6 39. Rc3 Rf8 40. Nd2 Ne4 41. Rxf3 Rxf3 42.
Nxf3 Rxf2 43. Ne5+ Ke6 44. Rc1 Kd6 45. Rc6+ Ke7 46. Rxc7+ Kd8 47. Rc6  1-0

[Event "1. OEsterreichische Internet Schach Meisterschaft - Vorrunde 2"]
[Site "Online - Playchess.com"]
[Date ""]
[Round "6"]
[Board "56"]
[White "Neubauer, Anton"]
[Black "Borrmann, Laurenz"]
[Result "0-1"]
[WhiteElo "1879"]
[BlackElo "1880"]
[PlyCount "62"]
[EventDate "2020.04.13"]
[EventRounds "9"]
[EventCountry "AUT"]

1. e4 c5 2. Nf3 d6 3. Bc4 a6 4. c3 e6 5. Bb3 b5 6. O-O Bb7 7. Re1 Nd7 8. d4 g6 9.
Bg5 Ne7 10. Qd2 h6 11. Bh4 g5 12. Bg3 c4 13. Bc2 d5 14. exd5 Nxd5 15. Ne5 Bg7 16.
Nxd7 Qxd7 17. Qe2 O-O 18. Nd2 Rae8 19. Be5 f5 20. Qh5 Bxe5 21. Rxe5 Qg7 22. Rae1
Nf4 23. Qd1 Bxg2 24. f3 Bh3 25. d5 g4 26. Rxe6 gxf3+ 27. Kf2 Qg2+ 28. Ke3 Nxe6 29.
dxe6 Rxe6+ 30. Kf4 Qg5+ 31. Kxf3 Qg4+  0-1

[Event "1. OEsterreichische Internet Schach Meisterschaft - Vorrunde 2"]
[Site "Online - Playchess.com"]
[Date ""]
[Round "6"]
[Board "57"]
[White "Heinrici, Simon"]
[Black "Steiner, Adam"]
[Result "1-0"]
[WhiteElo "2151"]
[BlackElo "2251"]
[PlyCount "151"]
[EventDate "2020.04.13"]
[EventRounds "9"]
[EventCountry "AUT"]

1. e4 d5 2. exd5 Qxd5 3. Nc3 Qd6 4. Nf3 Nf6 5. d4 c6 6. Ne5 Nbd7 7. Bf4 Nd5 8. Nxd5
Qxd5 9. Bc4 Qe4+ 10. Qe2 Qxf4 11. Nxf7 Nb6 12. Nxh8 Nxc4 13. Qxc4 Qf6 14. O-O-O Be6
15. Qb4 O-O-O 16. Rhe1 g6 17. f3 Bh6+ 18. Kb1 Rxh8 19. c4 Rd8 20. d5 Bf5+ 21. Ka1
e5 22. dxe6 Bxe6 23. Rxd8+ Qxd8 24. a3 Bf5 25. Qe7 Bg5 26. Qxh7 Bf6 27. Qf7 Bxb2+
28. Ka2 Bd7 29. Kxb2 Qb6+ 30. Kc1 Qb3 31. Qf8+ Kc7 32. Qf4+ Kc8 33. Qf8+ Kc7 34.
Qb4 Qa2 35. Rd1 Bf5 36. Qd6+ Kb6 37. Qb4+ Kc7 38. Qa5+ b6 39. Qxa7+ Kc8 40. Qa8+
Kc7 41. Qd8+ Kb7 42. Qe7+ Ka6 43. Qe2 Qb1+ 44. Kd2 Qb2+ 45. Ke1 Qc3+ 46. Rd2 Qc1+
47. Kf2 c5 48. Qd1 Qc3 49. Qa4+ Kb7 50. Qd1 Qxc4 51. Re2 Ka6 52. Qd2 Qb3 53. Re3
Qc4 54. Qe2 Qxe2+ 55. Rxe2 Kb5 56. g4 Bd3 57. Re3 c4 58. Ke1 Kc5 59. Kd2 Kd4 60.
Re6 c3+ 61. Kc1 Bc4 62. Rxg6 b5 63. h4 Bd3 64. Rf6 Kc4 65. Rf4+ Kb3 66. Rd4 Bc4 67.
Rxc4 Kxc4 68. h5 Kb3 69. h6 Kxa3 70. h7 b4 71. h8=Q Ka2 72. Qa8+ Kb3 73. Qd5+ Ka3
74. Kc2 Ka4 75. Qb3+ Kb5 76. g5  1-0

[Event "1. OEsterreichische Internet Schach Meisterschaft - Vorrunde 2"]
[Site "Online - Playchess.com"]
[Date ""]
[Round "6"]
[Board "58"]
[White "Schein, Alexander"]
[Black "Ofner, Maximilian"]
[Result "0-1"]
[WhiteElo "1631"]
[BlackElo "2177"]
[PlyCount "90"]
[EventDate "2020.04.13"]
[EventRounds "9"]
[EventCountry "AUT"]

1. e4 c6 2. d4 d5 3. Nc3 dxe4 4. Nxe4 Bf5 5. Ng3 Bg6 6. Nf3 Nd7 7. Bc4 e6 8. O-O
Ngf6 9. Bg5 Be7 10. Ne5 O-O 11. h4 Ne4 12. Bxe7 Qxe7 13. Nxe4 Bxe4 14. f3 Nxe5 15.
dxe5 Qc5+ 16. Kh2 Qxc4 17. fxe4 Qxe4 18. Re1 Qxh4+ 19. Kg1 Rad8 20. Qf3 Rd2 21. Re2
Rfd8 22. Rf1 Qe7 23. Ref2 Rxf2 24. Qxf2 b6 25. Qf3 Rd5 26. Qc3 Qc5+ 27. Qxc5 Rxc5
28. Rd1 Rd5 29. Rd3 Rxd3 30. cxd3 f6 31. d4 fxe5 32. dxe5 Kf7 33. Kf2 Kg6 34. g4
Kg5 35. Kf3 g6 36. a3 h5 37. gxh5 gxh5 38. b3 Kf5 39. Kg3 Kxe5 40. Kh4 Kf4 41. Kxh5
e5 42. Kh4 e4 43. Kh3 Kf3 44. Kh2 e3 45. Kg1 e2  0-1

[Event "1. OEsterreichische Internet Schach Meisterschaft - Vorrunde 2"]
[Site "Online - Playchess.com"]
[Date ""]
[Round "6"]
[Board "60"]
[White "Kranz, Armin"]
[Black "Kienboeck, Benjamin"]
[Result "0-1"]
[WhiteElo "2119"]
[BlackElo "1922"]
[PlyCount "140"]
[EventDate "2020.04.13"]
[EventRounds "9"]
[EventCountry "AUT"]

1. d4 Nf6 2. Nf3 d5 3. c4 e6 4. g3 dxc4 5. Bg2 Bd7 6. O-O Bc6 7. Na3 Bd5 8. Bf4 Bxa3
9. bxa3 O-O 10. Ne5 Nbd7 11. f3 Nxe5 12. Bxe5 Nd7 13. Bf4 Rc8 14. e4 Bc6 15. Be3
Nf6 16. Qc2 b5 17. Rfd1 a6 18. Kh1 Ba8 19. f4 Qe7 20. Bg1 Rfd8 21. a4 Rd7 22. Rab1
c6 23. Re1 Rcd8 24. h3 h5 25. Bf3 c5 26. d5 exd5 27. exd5 Qf8 28. axb5 axb5 29. Rxb5
Nxd5 30. Bxc5 Nb4 31. Qg2 Nd3 32. Bxf8 Nxe1 33. Bxa8 Nxg2 34. Bxg2 Kxf8 35. Rc5 Rd4
36. Bc6 Rd1+ 37. Kg2 R8d4 38. a4 R4d2+ 39. Kf3 Rd3+ 40. Ke4 Rxg3 41. Bb5 Rxh3 42.
Rc8+ Ke7 43. Rc7+ Ke6 44. Rc6+ Rd6 45. f5+ Ke7 46. Rc7+ Kf6 47. Be8 Rh4+ 48. Ke3
Kxf5 49. Rxf7+ Kg5 50. Rxg7+ Kh6 51. Rf7 Rd3+ 52. Kf2 Rh2+ 53. Kg1 Ra2 54. Rf6+ Kg7
55. Rf7+ Kg8 56. Rf1 h4 57. Bc6 h3 58. Kh1 Rg3 59. Bd5+ Kg7 60. Bxc4 Rxa4 61. Be2
Ra2 62. Bc4 Rc2 63. Rf7+ Kg6 64. Bd3+ Rxd3 65. Rf1 Rdd2 66. Rg1+ Kh5 67. Re1 Rh2+
68. Kg1 Rhg2+ 69. Kf1 h2 70. Re2 h1=Q#  0-1

[Event "1. OEsterreichische Internet Schach Meisterschaft - Vorrunde 2"]
[Site "Online - Playchess.com"]
[Date ""]
[Round "6"]
[Board "61"]
[White "Hofer, Maximilian"]
[Black "Riegler, Leonie"]
[Result "1-0"]
[WhiteElo "2108"]
[BlackElo "1579"]
[PlyCount "95"]
[EventDate "2020.04.13"]
[EventRounds "9"]
[EventCountry "AUT"]

1. e4 c5 2. Nf3 g6 3. d4 cxd4 4. Nxd4 Bg7 5. c4 Nc6 6. Be3 Qc7 7. Nc3 a6 8. Be2 e6
9. O-O Nge7 10. Rc1 O-O 11. Qd2 Rd8 12. f4 d5 13. cxd5 exd5 14. Nxc6 Qxc6 15. Nxd5
Qd6 16. Bc5 Qe6 17. Bxe7 Rd7 18. Qb4 b5 19. Bc5 Bb7 20. Nb6 Rdd8 21. Nxa8 Bxa8 22.
Bf3 Bh6 23. Rcd1 Re8 24. f5 Qf6 25. fxg6 hxg6 26. Bd4 Qh4 27. Bf2 Qf6 28. Qd4 Qf4
29. Qd7 Rf8 30. Qd6 Qg5 31. Qg3 Qe7 32. Bd4 Bxe4 33. Rde1 Qd7 34. Rxe4 Rd8 35. Qh4
Bg7 36. Bxg7 Kxg7 37. Ree1 Qa7+ 38. Kh1 Qc5 39. Qxd8 Qc2 40. Qd1 Qxb2 41. Qa1 Qxa1
42. Rxa1 a5 43. Bd5 f5 44. Rae1 b4 45. Re7+ Kf6 46. Rfe1 b3 47. h4 b2 48. R1e6#  1-0

[Event "1. OEsterreichische Internet Schach Meisterschaft - Vorrunde 2"]
[Site "Online - Playchess.com"]
[Date ""]
[Round "6"]
[Board "62"]
[White "Schein, Leopold"]
[Black "Balint, Peter"]
[Result "0-1"]
[WhiteElo "1584"]
[BlackElo "2105"]
[PlyCount "74"]
[EventDate "2020.04.13"]
[EventRounds "9"]
[EventCountry "AUT"]

1. d4 Nf6 2. Nf3 g6 3. g3 d5 4. Bg2 Bg7 5. O-O O-O 6. c4 c5 7. dxc5 Na6 8. cxd5 Nxc5
9. Nc3 Bg4 10. Be3 Nce4 11. Nxe4 Nxe4 12. Rb1 Nf6 13. Ne5 Bf5 14. Rc1 Qa5 15. a3
Rfd8 16. Nc4 Qb5 17. Qd2 Nxd5 18. Qe1 Rac8 19. Qa5 Qxa5 20. Nxa5 Bxb2 21. Rxc8 Bxc8
22. Rd1 e6 23. Bxa7 Bc3 24. Nc4 Kg7 25. e4 b5 26. Nb6 Nxb6 27. Rxd8 Nc4 28. Rxc8
Bb2 29. a4 Nd6 30. Rc7 Be5 31. Rc1 bxa4 32. Ra1 Bxa1 33. Bc5 Nb5 34. f4 a3 35. Bf3
Bd4+ 36. Bxd4+ Nxd4 37. Bd1 a2  0-1

[Event "1. OEsterreichische Internet Schach Meisterschaft - Vorrunde 2"]
[Site "Online - Playchess.com"]
[Date ""]
[Round "6"]
[Board "63"]
[White "Lichtl, Erich"]
[Black "Krassnitzer, Julia"]
[Result "1-0"]
[WhiteElo "2096"]
[BlackElo "1803"]
[PlyCount "25"]
[EventDate "2020.04.13"]
[EventRounds "9"]
[EventCountry "AUT"]

1. d4 Nf6 2. Nc3 g6 3. Bf4 Bg7 4. Qd2 d6 5. Nf3 O-O 6. e4 Nbd7 7. O-O-O a5 8. Bh6
a4 9. h4 a3 10. b3 c5 11. h5 Nxh5 12. Rxh5 gxh5 13. Qg5  1-0

[Event "1. OEsterreichische Internet Schach Meisterschaft - Vorrunde 2"]
[Site "Online - Playchess.com"]
[Date ""]
[Round "6"]
[Board "64"]
[White "Iro, Christian"]
[Black "Wimmer, Michael"]
[Result "1-0"]
[WhiteElo "2081"]
[BlackElo "1559"]
[PlyCount "133"]
[EventDate "2020.04.13"]
[EventRounds "9"]
[EventCountry "AUT"]

1. e4 e5 2. Nf3 Nc6 3. Bb5 a6 4. Ba4 Nf6 5. O-O Be7 6. Re1 b5 7. Bb3 d6 8. c3 O-O
9. h3 h6 10. d4 exd4 11. cxd4 Bb7 12. Nbd2 a5 13. Nf1 a4 14. Bc2 Nb4 15. Bb1 c5 16.
d5 Nd7 17. a3 Na6 18. Bf4 f6 19. Ng3 Ne5 20. Nf5 c4 21. Qd2 Nc5 22. Bc2 Ra6 23. N3d4
Qd7 24. Re3 g5 25. Bxe5 fxe5 26. Ne2 Raa8 27. Nxh6+ Kg7 28. Nf5+ Kg6 29. Rg3 Rh8
30. h4 Rh5 31. Nxe7+ Qxe7 32. Rxg5+ Rxg5 33. Qxg5+ Qxg5 34. hxg5 Kxg5 35. Nc3 Ba6
36. g3 Rh8 37. Kg2 Rb8 38. Rf1 b4 39. f4+ exf4 40. gxf4+ Kf6 41. axb4 Rxb4 42. Nd1
Nd3 43. Bxd3 cxd3 44. Re1 Bb5 45. Kf2 Ba6 46. Ke3 Rb3 47. Rh1 a3 48. bxa3 Rxa3 49.
Rh6+ Ke7 50. Rh2 Rb3 51. Rb2 Rxb2 52. Nxb2 Kf6 53. Nxd3 Bc4 54. Kd4 Ba6 55. Nf2 Ke7
56. Ng4 Be2 57. Ne3 Kd7 58. e5 dxe5+ 59. fxe5 Bf3 60. Kc5 Be4 61. Nc4 Bf3 62. Nb6+
Kc7 63. d6+ Kd8 64. e6 Bg4 65. Kd5 Ke8 66. Ke5 Kd8 67. Kf6  1-0

[Event "1. OEsterreichische Internet Schach Meisterschaft - Vorrunde 2"]
[Site "Online - Playchess.com"]
[Date ""]
[Round "6"]
[Board "65"]
[White "Nisavic, Uros"]
[Black "Gallob, Marko"]
[Result "1-0"]
[WhiteElo "2073"]
[BlackElo "1961"]
[PlyCount "75"]
[EventDate "2020.04.13"]
[EventRounds "9"]
[EventCountry "AUT"]

1. d4 Nf6 2. c4 c5 3. d5 b5 4. cxb5 a6 5. bxa6 e6 6. Nc3 Bxa6 7. Nf3 g6 8. e4 Bxf1
9. Kxf1 Bg7 10. g3 O-O 11. Kg2 Na6 12. Bg5 Qb8 13. Qd2 Rc8 14. a4 Qb7 15. Bxf6 Bxf6
16. e5 Bg7 17. dxe6 dxe6 18. Nb5 Rd8 19. Qf4 Nb4 20. Rhd1 Nd5 21. Qe4 Qb8 22. b3
Qc8 23. Rac1 Qc6 24. Qc4 Bxe5 25. Qxc5 Qxc5 26. Rxc5 Bb2 27. Rd2 Bg7 28. Rdc2 Nb4
29. R2c4 Nd3 30. Rc7 Ne5 31. Nxe5 Bxe5 32. Rb7 Rac8 33. Rxc8 Rxc8 34. a5 Rc2 35.
a6 Rc8 36. a7 Ra8 37. Nc7 Kg7 38. Nxa8  1-0